|
|
|
|
| LEADER |
00844pam a22002418a 4500 |
| 001 |
00022238 |
| 005 |
20171026081025.0 |
| 008 |
110528s2005 ||||||Viesd |
| 041 |
0 |
# |
|a Vie
|
| 082 |
1 |
4 |
|a 636.200 71
|b GI108TR
|
| 100 |
0 |
# |
|e Chủ biên
|a Vũ Chí Cương
|
| 245 |
0 |
0 |
|a Giáo trình chăn nuôi Trâu, Bò
|b Dùng trong các trường trung học chuyên nghiệp
|c Vũ Chí Cương
|
| 260 |
# |
# |
|a H.
|b Nxb Hà Nội
|c 2005
|
| 300 |
# |
# |
|a 147 tr.
|c 24 cm.
|
| 500 |
# |
# |
|a ĐTTS ghi : Sở Giáo dục và Đào tạo Hà Nội
|
| 650 |
# |
4 |
|a Bò
|
| 650 |
# |
4 |
|a Chăn nuôi
|
| 650 |
# |
4 |
|a Trâu
|
| 653 |
# |
# |
|a Giáo trình
|
| 852 |
# |
# |
|b Kho đọc
|j KD.0007961
|
| 852 |
# |
# |
|j KD.0007961
|
| 910 |
0 |
# |
|a nhnam
|d 28/05/2011
|
| 980 |
# |
# |
|a Trung tâm Học liệu Lê Vũ Hùng, Trường Đại học Đồng Tháp
|